000 00530nam a2200217Ia 4500
003 0100
008 130227s9999 xx 000 0 und d
020 _a0121461505
040 _cARRUPELIB
050 _aQA276.B863
100 _aBurr, Irving Wingate
245 _aApplied statistical methods
260 _aNew York
260 _bAcademic Press
260 _C1974
300 _axix
300 _b 479p 23cm
440 _aOperation s reseach & industrial engineering
650 _bRadishchev, Alexander
942 _2lcc
_01
999 _c180
_d180